000 00449nam a2200181Ia 4500
003 GCL
008 140319s9999 xx 000 0 eng d
040 _aGCL /
_cGCL
082 0 4 _a796.333
_bG T
100 1 _aGREENWAAD, JIM
245 1 0 _aTHINK RUGBY, 2ND ED /
_cGREENWAAD, JIM
260 _a[S.N] :
_bA AND C BLACK LIMITED ،
_c1993
300 _a240 P
650 0 4 _aSPORTS
650 0 4 _aRUGBY
650 0 4 _aTEAM PERFORMANCE
942 _2ddc
_cBK
999 _c25634
_d25634